Discursos Dr. Fernando Naranjo. Ministro de Relaciones Exteriores y Culto de Costa Rica. Organización de las Naciones Unidas 1994-1998

Na minha lista:
Detalhes bibliográficos
Autor principal: Naranjo Villalobos, Fernando
Formato: Texto
Publicado em: San José: Ministerio de Relaciones Exteriores y Culto
Tags: Adicionar Tag
Sem tags, seja o primeiro a adicionar uma tag!

MARC

LEADER 00000 a a2200000 04500
001 24820
003
040
090 |a 178500  
100 |a Naranjo Villalobos, Fernando  
245 |a Discursos Dr. Fernando Naranjo. Ministro de Relaciones Exteriores y Culto de Costa Rica. Organización de las Naciones Unidas 1994-1998  
260 |a San José:   |b Ministerio de Relaciones Exteriores y Culto  
300 |a 66 p.  
999 |c 3141  |d 3141